000 00460nam a22001577a 4500
020 _a9789692208116
082 _a297.4
_bAZE
100 _aAzeemi, Khawaja Shams Ul Deen
245 _aKhutbat-E-Multan /
_cKhawaja Shams Ul Deen Azeemi
260 _aKarachi :
_bAzeemi University Press,
_c2021.
300 _a244 p. ;
_c22 cm.
563 _aHBK.
650 _aPreaching, Islam
_9113866
880 _6245-02\r
_aخطبات ملتان
942 _2ddc
_cBK
999 _c595021
_d595021